First Five NHL Draft Picks by year - Statistics

General Stats
  • This quiz has been taken 2,581 times
    2,572 since last reset
  • The average score is 21 of 45
Answer Stats
Draft No. Drafted by Current Team Player % Correct
1 Edmonton Oilers Edmonton Oilers Connor McDavid
99%
2 Buffalo Sabres Buffalo Sabres Jack Eichel
87%
4 Toronto Maple Leafs Toronto Maple Leafs Mitch Marner
83%
1 Florida Panthers Florida Panthers Aaron Ekblad
79%
1 Colorado Avalanche Colorado Avalanche Nathan MacKinnon
75%
1 Edmonton Oilers Edmonton Oilers Taylor Hall
69%
2 Florida Panthers Florida Panthers Aleksander Barkov
67%
1 Edmonton Oilers Edmonton Oilers Ryan Nugent-Hopkins
67%
1 Edmonton Oilers Edmonton Oilers Nail Yakupov
64%
3 Arizona Coyotes Arizona Coyotes Dylan Strome
63%
5 New York Islanders New York Islanders Ryan Strome
63%
4 Atlanta Thrashers Buffalo Sabres Evander Kane
60%
1 Chicago Blackhawks Chicago Blackhawks Patrick Kane
60%
1 Tampa Bay Lightning Tampa Bay Lightning Steven Stamkos
60%
4 New York Islanders Edmonton Oilers Griffin Reinhart
59%
1 New York Islanders New York Islanders John Tavares
59%
2 Buffalo Sabres Buffalo Sabres Sam Reinhart
59%
2 Boston Bruins Dallas Stars Tyler Seguin
58%
3 Edmonton Oilers Edmonton Oilers Leon Draisaitl
55%
4 Nashville Predators Columbus Blue Jackets Seth Jones
51%
2 Colorado Avalanche Colorado Avalanche Gabriel Landeskog
50%
2 Tampa Bay Lightning Tampa Bay Lightning Victor Hedman
49%
3 Florida Panthers Florida Panthers Jonathan Huberdeau
48%
3 Tampa Bay Lightning Tampa Bay Lightning Jonathan Drouin
43%
5 Carolina Hurricanes Carolina Hurricanes Noah Hanifin
42%
2 Los Angeles Kings Los Angeles Kings Drew Doughty
39%
3 Montreal Canadians Montreal Canadians Alex Galchenyuk
37%
4 Calgary Flames Calgary Flames Sam Bennett
37%
5 Toronto Maple Leafs Toronto Maple Leafs Morgan Rielly
36%
2 Columbus Blue Jackets Columbus Blue Jackets Ryan Murray
36%
4 Columbus Blue Jackets Nashville Predators Ryan Johansen
31%
3 Colorado Avalanche Colorado Avalanche Matt Duchene
30%
4 New Jersey Devils New Jersey Devils Adam Larsson
28%
2 Philadelphia Flyers Toronto Maple Leafs James Van Riemsdyk
27%
5 New York Islanders New York Islanders Michael Dal Colle
24%
5 Los Angeles Kings Philadelphia Flyers Brayden Schenn
23%
5 Toronto Maple Leafs Los Angeles Kings Luke Schenn
23%
5 Carolina Hurricanes Carolina Hurricanes Elias Lindholm
22%
4 St. Louis Blues St. Louis Blues Alex Pietrangelo
20%
3 Florida Panthers Florida Panthers Erik Gudbranson
19%
3 Pheonix Coyotes Ottawa Senators Kyle Turris
19%
3 Atlanta Thrashers Buffalo Sabres Zach Bogosian
19%
5 New York Islanders Minnesota Wild Nino Niederreiter
14%
4 Los Angeles New York Islanders Thomas Hickey
10%
5 Washington Capitals Washington Capitals Karl Alzner
7%
No matching quizzes found
Score Distribution
Percent of People with Each Score
Percentile by Number Answered
Your Score History
You have not taken this quiz since the last reset